Nuevo método de corte y confección.
Salvato in:
| Autore principale: | |
|---|---|
| Natura: | Sconosciuto |
| Lingua: | spagnolo |
| Pubblicazione: |
Zaragoza
Tip. Casa Capapé
1922
|
| Edizione: | 6ª |
| Catalogo: | MANES: Risultati della ricerca del catalogo della biblioteca |
| Libro di testo Classificazione: |
|
| Tags: |
Aggiungi Tag
Nessun Tag, puoi essere il primo ad aggiungerne!!
|
| Aggiunto a: | 2016-04-26 |
| Cambiato in: | 2025-05-07 |
MARC
| LEADER | 000000000a22000000004500 | ||
|---|---|---|---|
| 001 | 11891 | ||
| 003 | OSt | ||
| 005 | 20250507133337.0 | ||
| 008 | 160427s sp ||||| |||| 00| 0 spa d | ||
| 040 | |c centro_manes | ||
| 041 | 1 | |a spa | |
| 561 | |5 es-CICE |a España. Centro Internacional de la Cultura Escolar |k MANES | ||
| 691 | 0 | |a SE | |
| 100 | 1 | |a Rodríguez de Pascual, Serafina. Autora, Dueña de la Academia Central de Zaragoza |9 6952 | |
| 245 | 0 | 0 | |a Nuevo método de corte y confección. |
| 250 | |a 6ª | ||
| 260 | 3 | |a Zaragoza |b Tip. Casa Capapé |c 1922 | |
| 300 | |a 26 p. |c 28 x 21,5 cm | ||
| 500 | |a Editado en Cartoné. |a nivel: Libro para formación de maestras. | ||
| 690 | 0 | |a ETP | |
| 942 | |2 ddc |c BK | ||
| 546 | |a España | ||
| 999 | |c 17865 |d 17865 | ||
| 999 | |c manes:17865 |d 17865 | ||